01016cam a22002413a 45000010005000000030006000050050017000110080041000280400015000690420007000840500007000911000032000982450091001302600029002215050269002505060030005195160020005496530060005696530036006296530040006658300028007058560041007338133PGUSA20140828083152.0050501s2005||||xxu|||||s|||||000 | eng d aPGUSAbeng adc 4aDS1 aHearn, Lafcadio,d1850-190410aGlimpses of Unfamiliar Japan :bSecond Seriesh[electronic resource] /cLafcadio Hearn bProject Gutenberg,c20050 aIn a Japanese garden -- The household shrine -- Of women's hair -- From the diary of an English teacher -- Two strange festivals -- By the Japanese Sea -- Of a dancing-girl -- From Hoki to Oki -- Of souls -- Of ghosts and goblins -- The Japanese smile -- Sayonara! aPublic domain in the USA. aElectronic text aHearn, Lafcadio, 1850-1904 -- Homes and haunts -- Japan aJapan -- Description and travel aJapan -- Religious life and customs 0aProject Gutenbergv813340uhttp://www.gutenberg.org/ebooks/8133